书目信息 |
| 题名: |
矿体几何学
|
|
| 作者: | 雷若夫 著 ;杨善慈 , 朱晓岚 译 | |
| 分册: | ||
| 出版信息: | 北京 地质出版社 1956 |
|
| 页数: | 651页 | |
| 开本: | 20cm | |
| 丛书名: | ||
| 单 册: | ||
| 中图分类: | TD177 | |
| 科图分类: | ||
| 主题词: | 矿山测量 , 矿山测量 | |
| 电子资源: | ||
| ISBN: | ||
| 000 | 00784nam0 2200265 450 | |
| 001 | 0635433999 | |
| 005 | 20060421095427.39 | |
| 010 | @dCNY3.40 | |
| 091 | @a13038.96 | |
| 100 | @a20060421d1956 km y0chiy0120 ea | |
| 101 | 0 | @achi@crus |
| 102 | @aCN@b110000 | |
| 102 | @aCN@b110000 | |
| 200 | 1 | @a矿体几何学@Akuang ti ji he xue@f(苏联)П·А·雷若夫著@F(su lian)П·А·lei ruo fu zhu@g杨善慈,朱晓岚等译@Gyang shan ci,zhu xiao lan deng yi |
| 210 | @a北京@c地质出版社@d1956 | |
| 215 | @a651页@d20cm | |
| 300 | @a苏联高等学校教学用书 | |
| 606 | 0 | @a矿山测量 |
| 606 | 0 | @a矿山测量 |
| 690 | @aTD177@v3 | |
| 701 | 0 | @a雷若夫@Alei ruo fu@4著 |
| 702 | 0 | @a杨善慈@Ayang shan ci@4译 |
| 702 | 0 | @a朱晓岚@Azhu xiao lan@4译 |
| 801 | 0 | @aCN@bPFT@c20060421 |
| 905 | @a10447@dTD177@e1 | |
| 矿体几何学/(苏联)П·А·雷若夫著/杨善慈,朱晓岚等译.-北京:地质出版社,1956 |
| 651页;20cm |
| 苏联高等学校教学用书 |
| ISBN :CNY3.40 |
| ● |
| 相关链接 |
|
|
|
|
正题名:矿体几何学
索取号:TD177/1
 
预约/预借
| 序号 | 登录号 | 条形码 | 馆藏地/架位号 | 状态 | 备注 |
| 1 | 0012432 | 202276982 | 密集书库/ [索取号:TD177/1] | 在馆 |